[Event "Blitz 2018"]
[Site "Saint-Petersburg"]
[Date "2018.12.29"]
[Round "2"]
[Board "90"]
[White "Maslak Konstantin (RUS)"]
[Black "Gaifullin Artur (RUS)"]
[Result "1-0"]
[BlackElo "2231"]
[WhiteElo "2537"]
[LiveChessVersion "1.4.8"]

1. e4 {[%clk 0:03:02]} c6 {[%clk 0:03:04]} 2. d4 {[%clk 0:03:02]} d5
{[%clk 0:03:05]} 3. f3 {[%clk 0:03:03]} dxe4 {[%clk 0:02:56]} 4. fxe4
{[%clk 0:03:04]} Nf6 {[%clk 0:02:57]} 5. e5 {[%clk 0:03:02]} Nd5 {[%clk 0:02:56]}
6. Nf3 {[%clk 0:03:02]} g6 {[%clk 0:02:43]} 7. Bc4 {[%clk 0:02:59]} Bg7
{[%clk 0:02:43]} 8. O-O {[%clk 0:02:52]} O-O {[%clk 0:02:43]} 9. h3
{[%clk 0:02:36]} h6 {[%clk 0:02:35]} 10. Nc3 {[%clk 0:02:36]} Be6
{[%clk 0:02:32]} 11. Bb3 {[%clk 0:02:16]} a5 {[%clk 0:02:24]} 12. a4
{[%clk 0:02:02]} Nd7 {[%clk 0:02:19]} 13. Ne4 {[%clk 0:02:00]} b5
{[%clk 0:01:53]} 14. Qe2 {[%clk 0:01:52]} Qb6 {[%clk 0:01:52]} 15. Kh1
{[%clk 0:01:41]} Nc7 {[%clk 0:01:28]} 16. Bxe6 {[%clk 0:01:18]} Nxe6
{[%clk 0:01:28]} 17. Be3 {[%clk 0:01:11]} Qb7 {[%clk 0:01:28]} 18. Rfd1
{[%clk 0:00:50]} Nb6 {[%clk 0:01:20]} 19. axb5 {[%clk 0:00:44]} cxb5
{[%clk 0:01:22]} 20. Bg1 {[%clk 0:00:19]} Nd5 {[%clk 0:01:19]} 21. c3
{[%clk 0:00:16]} Rfd8 {[%clk 0:01:15]} 22. Bh2 {[%clk 0:00:16]} a4
{[%clk 0:01:07]} 23. Qe1 {[%clk 0:00:16]} Nb6 {[%clk 0:01:03]} 24. Nfd2
{[%clk 0:00:14]} Nc7 {[%clk 0:00:54]} 25. Qf2 {[%clk 0:00:15]} e6
{[%clk 0:00:51]} 26. Nd6 {[%clk 0:00:15]} Rxd6 {[%clk 0:00:49]} 27. exd6
{[%clk 0:00:16]} Ncd5 {[%clk 0:00:49]} 28. Ne4 {[%clk 0:00:16]} Nc4
{[%clk 0:00:48]} 29. Rf1 {[%clk 0:00:15]} Rf8 {[%clk 0:00:38]} 30. Rae1
{[%clk 0:00:16]} b4 {[%clk 0:00:36]} 31. Nc5 {[%clk 0:00:12]} Qb5
{[%clk 0:00:15]} 32. d7 {[%clk 0:00:11]} Nce3 {[%clk 0:00:14]} 33. Rg1
{[%clk 0:00:09]} Nf5 {[%clk 0:00:11]} 34. Be5 {[%clk 0:00:09]} Bxe5
{[%clk 0:00:11]} 35. Rxe5 {[%clk 0:00:08]} bxc3 {[%clk 0:00:12]} 36. bxc3
{[%clk 0:00:09]} a3 {[%clk 0:00:13]} 37. Ne4 {[%clk 0:00:07]} Kg7
{[%clk 0:00:09]} 38. c4 {[%clk 0:00:04]} Qxd7 {[%clk 0:00:08]} 39. cxd5
{[%clk 0:00:05]} exd5 {[%clk 0:00:09]} 40. Nc5 {[%clk 0:00:06]} Qd6
{[%clk 0:00:10]} 41. Rxf5 {[%clk 0:00:07]} gxf5 {[%clk 0:00:11]} 42. Qxf5
{[%clk 0:00:08]} Ra8 {[%clk 0:00:10]} 43. Rf1 {[%clk 0:00:09]} Qc7
{[%clk 0:00:07]} 44. Qg4+ {[%clk 0:00:09]} Kh8 {[%clk 0:00:07]} 45. Qh4
{[%clk 0:00:10]} Kh7 {[%clk 0:00:08]} 46. Rf6 {[%clk 0:00:11]} a2
{[%clk 0:00:06]} 47. Rxh6+ {[%clk 0:00:12]} Kg7 {[%clk 0:00:06]} 48. Qg5+
{[%clk 0:00:13]} Kf8 {[%clk 0:00:07]} 49. Rh8# 1-0

[Event "Blitz 2018"]
[Site "Saint-Petersburg"]
[Date "2018.12.29"]
[Round "2"]
[Board "91"]
[White "Pershin Denis (RUS)"]
[Black "Kryakvin Dmitry (RUS)"]
[Result "0-1"]
[BlackElo "2536"]
[WhiteElo "2354"]
[LiveChessVersion "1.4.8"]

1. d4 {[%clk 0:03:04]} d5 {[%clk 0:03:03]} 2. Nc3 {[%clk 0:03:05]} c6
{[%clk 0:03:02]} 3. Bf4 {[%clk 0:03:05]} Nf6 {[%clk 0:02:59]} 4. e3
{[%clk 0:03:07]} e6 {[%clk 0:02:57]} 5. Bd3 {[%clk 0:03:04]} Bd6 {[%clk 0:02:56]}
6. Qf3 {[%clk 0:02:56]} O-O {[%clk 0:02:52]} 7. g4 {[%clk 0:02:54]} Bxf4
{[%clk 0:02:44]} 8. Qxf4 {[%clk 0:02:55]} b6 {[%clk 0:02:37]} 9. Nf3
{[%clk 0:02:35]} Ba6 {[%clk 0:02:37]} 10. Ne5 {[%clk 0:02:25]} Bxd3
{[%clk 0:02:34]} 11. cxd3 {[%clk 0:02:16]} Nfd7 {[%clk 0:02:34]} 12. g5
{[%clk 0:02:09]} f6 {[%clk 0:02:26]} 13. gxf6 {[%clk 0:01:58]} Rxf6
{[%clk 0:02:25]} 14. Qh4 {[%clk 0:01:48]} Nxe5 {[%clk 0:02:07]} 15. dxe5
{[%clk 0:01:49]} Rf8 {[%clk 0:02:08]} 16. Qg4 {[%clk 0:01:51]} Qe7
{[%clk 0:02:03]} 17. Ne2 {[%clk 0:01:52]} Nd7 {[%clk 0:02:01]} 18. d4
{[%clk 0:01:53]} Qb4+ {[%clk 0:01:50]} 19. Kf1 {[%clk 0:01:54]} Rae8
{[%clk 0:01:37]} 20. Rg1 {[%clk 0:01:34]} Rf7 {[%clk 0:01:37]} 21. b3
{[%clk 0:01:25]} Nf8 {[%clk 0:01:20]} 22. Nf4 {[%clk 0:01:24]} Qd2
{[%clk 0:01:08]} 23. Rg2 {[%clk 0:01:04]} c5 {[%clk 0:01:08]} 24. Kg1
{[%clk 0:00:48]} c4 {[%clk 0:00:51]} 25. bxc4 {[%clk 0:00:45]} dxc4
{[%clk 0:00:52]} 26. d5 {[%clk 0:00:43]} Qb2 {[%clk 0:00:45]} 27. Rd1
{[%clk 0:00:27]} Qxe5 {[%clk 0:00:43]} 28. d6 {[%clk 0:00:07]} c3
{[%clk 0:00:37]} 29. Rc1 {[%clk 0:00:04]} Rd8 {[%clk 0:00:33]} 30. Nh5
{[%clk 0:00:03]} Ng6 {[%clk 0:00:32]} 31. Qh4 {[%clk 0:00:00]} 0-1

[Event "Blitz 2018"]
[Site "Saint-Petersburg"]
[Date "2018.12.29"]
[Round "2"]
[Board "92"]
[White "Yudin Sergei (RUS)"]
[Black "Mamatov Melis (KGZ)"]
[Result "1-0"]
[BlackElo "2213"]
[WhiteElo "2533"]
[LiveChessVersion "1.4.8"]

1. e4 {[%clk 0:03:02]} c5 {[%clk 0:03:04]} 2. Nf3 {[%clk 0:03:02]} d6
{[%clk 0:03:05]} 3. c3 {[%clk 0:03:03]} Nf6 {[%clk 0:03:02]} 4. h3
{[%clk 0:03:04]} e6 {[%clk 0:02:58]} 5. Bd3 {[%clk 0:03:00]} d5 {[%clk 0:02:51]}
6. e5 {[%clk 0:03:01]} Nfd7 {[%clk 0:02:52]} 7. Bc2 {[%clk 0:02:56]} c4
{[%clk 0:02:49]} 8. d4 {[%clk 0:02:51]} cxd3 {[%clk 0:02:46]} 9. Qxd3
{[%clk 0:02:47]} Nc6 {[%clk 0:02:44]} 10. Qe2 {[%clk 0:02:43]} Qc7
{[%clk 0:02:41]} 11. Bf4 {[%clk 0:02:39]} b6 {[%clk 0:02:34]} 12. O-O
{[%clk 0:02:34]} a5 {[%clk 0:02:16]} 13. Bd3 {[%clk 0:02:27]} Nc5
{[%clk 0:02:13]} 14. Bb5 {[%clk 0:02:28]} Ba6 {[%clk 0:02:14]} 15. Na3
{[%clk 0:02:29]} Bxb5 {[%clk 0:01:53]} 16. Nxb5 {[%clk 0:02:30]} Qb7
{[%clk 0:01:39]} 17. Bg5 {[%clk 0:02:09]} Ne4 {[%clk 0:01:37]} 18. Bh4
{[%clk 0:02:10]} h6 {[%clk 0:01:28]} 19. Nd2 {[%clk 0:02:07]} Nxd2
{[%clk 0:01:20]} 20. Qxd2 {[%clk 0:02:08]} Na7 {[%clk 0:01:17]} 21. Nd4
{[%clk 0:02:01]} Bc5 {[%clk 0:01:05]} 22. f4 {[%clk 0:01:57]} Nc6
{[%clk 0:00:54]} 23. Kh1 {[%clk 0:01:57]} Bxd4 {[%clk 0:00:53]} 24. cxd4
{[%clk 0:01:58]} Ne7 {[%clk 0:00:54]} 25. Bxe7 {[%clk 0:01:56]} Kxe7
{[%clk 0:00:37]} 26. f5 {[%clk 0:01:57]} Rac8 {[%clk 0:00:31]} 27. f6+
{[%clk 0:01:46]} gxf6 {[%clk 0:00:20]} 28. Rxf6 {[%clk 0:01:47]} Rcg8
{[%clk 0:00:20]} 29. Raf1 {[%clk 0:01:46]} Rg7 {[%clk 0:00:18]} 30. Rxh6
{[%clk 0:01:42]} Rhg8 {[%clk 0:00:18]} 31. Qf4 {[%clk 0:01:41]} Qc8
{[%clk 0:00:06]} 32. Rf6 {[%clk 0:01:36]} Qe8 {[%clk 0:00:05]} 33. Rf2
{[%clk 0:01:36]} Rh8 {[%clk 0:00:03]} 34. Rxe6+ {[%clk 0:01:31]} Kxe6
{[%clk 0:00:00]} 35. Qf6+ {[%clk 0:01:31]} 1-0

[Event "Blitz 2018"]
[Site "Saint-Petersburg"]
[Date "2018.12.29"]
[Round "2"]
[Board "93"]
[White "Geller Jakov (RUS)"]
[Black "Dubrovin Robert (EST)"]
[Result "1-0"]
[BlackElo "2176"]
[WhiteElo "2528"]
[LiveChessVersion "1.4.8"]

1. c4 {[%clk 0:03:02]} Nf6 {[%clk 0:03:04]} 2. Nc3 {[%clk 0:03:02]} g6
{[%clk 0:03:05]} 3. d4 {[%clk 0:02:59]} Bg7 4. Nf3 O-O {[%clk 0:03:07]} 5. Bf4
{[%clk 0:03:00]} d6 {[%clk 0:03:08]} 6. e3 {[%clk 0:03:00]} Nh5 {[%clk 0:03:04]}
7. Bg5 {[%clk 0:03:01]} h6 8. Bh4 g5 {[%clk 0:03:04]} 9. Nd2 {[%clk 0:03:03]} Nf6
{[%clk 0:02:51]} 10. Bg3 {[%clk 0:03:03]} c5 {[%clk 0:02:48]} 11. d5
{[%clk 0:02:54]} e6 {[%clk 0:02:42]} 12. h4 {[%clk 0:02:44]} g4 {[%clk 0:02:28]}
13. Bd3 {[%clk 0:02:27]} a6 {[%clk 0:02:25]} 14. a4 {[%clk 0:02:27]} exd5
{[%clk 0:02:26]} 15. cxd5 {[%clk 0:02:28]} Qc7 {[%clk 0:01:43]} 16. Nc4
{[%clk 0:02:27]} Ne8 {[%clk 0:01:43]} 17. Ne4 {[%clk 0:02:16]} Be5
{[%clk 0:01:18]} 18. Nxe5 {[%clk 0:01:47]} dxe5 {[%clk 0:01:17]} 19. d6
{[%clk 0:01:47]} Qc6 {[%clk 0:01:09]} 20. Bxe5 {[%clk 0:01:45]} f5
{[%clk 0:01:10]} 21. Ng3 {[%clk 0:01:28]} Qxg2 {[%clk 0:01:00]} 22. Bc4+ Kh7
{[%clk 0:00:31]} 23. Bd5 {[%clk 0:01:24]} 1-0

[Event "Blitz 2018"]
[Site "Saint-Petersburg"]
[Date "2018.12.29"]
[Round "2"]
[Board "94"]
[White "Makoveev Ilya (RUS)"]
[Black "Iljin Artem (RUS)"]
[Result "1-0"]
[BlackElo "2525"]
[WhiteElo "2243"]
[LiveChessVersion "1.4.8"]

1. e4 {[%clk 0:03:02]} c5 {[%clk 0:03:03]} 2. Nf3 {[%clk 0:03:02]} e6
{[%clk 0:03:04]} 3. d4 {[%clk 0:03:02]} cxd4 {[%clk 0:03:04]} 4. Nxd4
{[%clk 0:03:02]} a6 {[%clk 0:03:05]} 5. Bd3 {[%clk 0:03:03]} Ne7 {[%clk 0:02:54]}
6. O-O {[%clk 0:02:47]} Nbc6 {[%clk 0:02:52]} 7. Be3 {[%clk 0:02:32]} Nxd4
{[%clk 0:02:28]} 8. Bxd4 {[%clk 0:02:33]} Nc6 {[%clk 0:02:29]} 9. Be3
{[%clk 0:02:24]} Be7 {[%clk 0:02:13]} 10. Nd2 {[%clk 0:02:20]} Rb8
{[%clk 0:01:39]} 11. c3 {[%clk 0:02:10]} O-O {[%clk 0:01:36]} 12. f4
{[%clk 0:02:07]} d6 {[%clk 0:01:34]} 13. Nf3 {[%clk 0:02:07]} b5 {[%clk 0:01:28]}
14. Qe2 {[%clk 0:02:05]} Bd7 {[%clk 0:01:11]} 15. Rad1 {[%clk 0:01:59]} Qc7
{[%clk 0:01:11]} 16. Kh1 {[%clk 0:01:42]} Rfe8 {[%clk 0:01:11]} 17. Qf2
{[%clk 0:01:35]} Bf6 {[%clk 0:01:04]} 18. g4 {[%clk 0:01:18]} g6 {[%clk 0:00:46]}
19. g5 {[%clk 0:01:14]} Bg7 {[%clk 0:00:47]} 20. Qh4 {[%clk 0:01:14]} b4
{[%clk 0:00:42]} 21. Nd4 {[%clk 0:01:00]} bxc3 {[%clk 0:00:40]} 22. bxc3
{[%clk 0:01:01]} Nxd4 {[%clk 0:00:27]} 23. Bxd4 {[%clk 0:00:54]} e5
{[%clk 0:00:26]} 24. fxe5 {[%clk 0:00:39]} dxe5 {[%clk 0:00:28]} 25. Rxf7
{[%clk 0:00:25]} exd4 {[%clk 0:00:25]} 26. Rdf1 {[%clk 0:00:16]} Rf8
{[%clk 0:00:18]} 27. Qf2 {[%clk 0:00:07]} Qc6 {[%clk 0:00:11]} 28. cxd4
{[%clk 0:00:06]} Be6 {[%clk 0:00:11]} 29. Rf3 {[%clk 0:00:03]} Rxf3
{[%clk 0:00:09]} 30. Qxf3 {[%clk 0:00:04]} Bxd4 {[%clk 0:00:07]} 31. Qg3
{[%clk 0:00:04]} Bg7 {[%clk 0:00:07]} 32. Qxb8+ {[%clk 0:00:05]} Bc8
{[%clk 0:00:08]} 33. Qb3+ {[%clk 0:00:04]} Kh8 {[%clk 0:00:08]} 34. Qc4
{[%clk 0:00:04]} Qd7 {[%clk 0:00:09]} 35. Qd5 {[%clk 0:00:05]} Qe8
{[%clk 0:00:09]} 36. Bc4 {[%clk 0:00:05]} Bd7 {[%clk 0:00:06]} 37. Qf7
{[%clk 0:00:03]} Qxe4+ {[%clk 0:00:07]} 38. Kg1 {[%clk 0:00:04]} Bd4+
{[%clk 0:00:08]} 39. Rf2 {[%clk 0:00:04]} Qe1+ {[%clk 0:00:08]} 40. Kg2
{[%clk 0:00:05]} Bc6+ {[%clk 0:00:08]} 41. Kh3 {[%clk 0:00:04]} Qe3+
{[%clk 0:00:07]} 42. Kg4 {[%clk 0:00:03]} Qxf2 {[%clk 0:00:06]} 43. Qg8# 1-0

[Event "Blitz 2018"]
[Site "Saint-Petersburg"]
[Date "2018.12.29"]
[Round "2"]
[Board "95"]
[White "Anisimov Pavel (RUS)"]
[Black "Masrahi Abdulrahman A (KSA)"]
[Result "1-0"]
[BlackElo "1966"]
[WhiteElo "2519"]
[LiveChessVersion "1.4.8"]

1. d4 {[%clk 0:03:02]} d5 {[%clk 0:03:03]} 2. Nf3 {[%clk 0:03:03]} Nf6
{[%clk 0:03:04]} 3. Bf4 {[%clk 0:03:04]} c5 {[%clk 0:03:05]} 4. e3
{[%clk 0:03:05]} Nc6 {[%clk 0:03:06]} 5. c3 {[%clk 0:03:06]} Qb6 {[%clk 0:03:06]}
6. Qb3 {[%clk 0:03:01]} c4 {[%clk 0:03:07]} 7. Qc2 {[%clk 0:03:02]} Bf5
{[%clk 0:03:08]} 8. Qc1 {[%clk 0:03:04]} e6 {[%clk 0:03:08]} 9. Nh4
{[%clk 0:03:03]} Bd3 {[%clk 0:03:00]} 10. Bxd3 {[%clk 0:02:58]} cxd3
{[%clk 0:03:01]} 11. O-O {[%clk 0:02:53]} Be7 {[%clk 0:02:56]} 12. Nf3
{[%clk 0:02:53]} Ne4 {[%clk 0:02:56]} 13. Rd1 {[%clk 0:02:49]} Qa6
{[%clk 0:02:51]} 14. Ne1 {[%clk 0:02:44]} g5 {[%clk 0:02:40]} 15. Bg3
{[%clk 0:02:37]} h5 {[%clk 0:02:41]} 16. f3 {[%clk 0:02:29]} Nxg3
{[%clk 0:02:19]} 17. hxg3 {[%clk 0:02:30]} h4 {[%clk 0:02:20]} 18. g4
{[%clk 0:02:20]} h3 {[%clk 0:02:14]} 19. Nxd3 {[%clk 0:02:20]} h2+
{[%clk 0:02:05]} 20. Kh1 {[%clk 0:02:20]} O-O-O {[%clk 0:01:45]} 21. b4
{[%clk 0:02:18]} Kb8 {[%clk 0:01:38]} 22. a4 {[%clk 0:02:19]} Qb6
{[%clk 0:01:19]} 23. Nd2 {[%clk 0:02:15]} f5 {[%clk 0:01:08]} 24. gxf5
{[%clk 0:02:07]} exf5 {[%clk 0:01:08]} 25. c4 {[%clk 0:02:03]} Nxb4
{[%clk 0:00:55]} 26. Ne5 {[%clk 0:01:52]} Qf6 {[%clk 0:00:41]} 27. Rb1
{[%clk 0:01:46]} Qxe5 {[%clk 0:00:35]} 28. dxe5 {[%clk 0:01:23]} Nd3
{[%clk 0:00:37]} 29. Rf1 {[%clk 0:00:52]} Nxc1 {[%clk 0:00:37]} 30. Rfxc1
{[%clk 0:00:49]} f4 {[%clk 0:00:23]} 31. exf4 {[%clk 0:00:41]} gxf4
{[%clk 0:00:24]} 32. c5 {[%clk 0:00:35]} Rc8 {[%clk 0:00:13]} 33. c6
{[%clk 0:00:35]} b6 {[%clk 0:00:11]} 34. Nb3 {[%clk 0:00:31]} Rh5
{[%clk 0:00:04]} 35. e6 {[%clk 0:00:23]} Re5 {[%clk 0:00:05]} 36. Nd4
{[%clk 0:00:24]} Kc7 {[%clk 0:00:06]} 37. Nb5+ {[%clk 0:00:21]} Kb8
{[%clk 0:00:07]} 38. a5 {[%clk 0:00:20]} Rxe6 {[%clk 0:00:06]} 39. Nd4
{[%clk 0:00:21]} Re5 {[%clk 0:00:05]} 40. axb6 {[%clk 0:00:22]} axb6
{[%clk 0:00:06]} 41. Rxb6+ {[%clk 0:00:23]} Kc7 {[%clk 0:00:07]} 42. Rb7+
{[%clk 0:00:24]} Kd8 {[%clk 0:00:08]} 43. Rd1 {[%clk 0:00:17]} Bc5
{[%clk 0:00:07]} 44. Rd7+ {[%clk 0:00:14]} Ke8 {[%clk 0:00:06]} 45. Rh7
{[%clk 0:00:14]} Bxd4 {[%clk 0:00:06]} 46. Rh8+ {[%clk 0:00:14]} Ke7
{[%clk 0:00:06]} 47. Rxc8 {[%clk 0:00:15]} Bc5 {[%clk 0:00:03]} 48. Rh8
{[%clk 0:00:14]} Bg1 {[%clk 0:00:03]} 49. c7 {[%clk 0:00:13]} 1-0

[Event "Blitz 2018"]
[Site "Saint-Petersburg"]
[Date "2018.12.29"]
[Round "2"]
[Board "96"]
[White "Guimaraes Diogo Duarte (BRA)"]
[Black "Belozerov Andrei (RUS)"]
[Result "1-0"]
[BlackElo "2518"]
[WhiteElo "2228"]
[LiveChessVersion "1.4.8"]

1. e4 {[%clk 0:03:03]} c6 {[%clk 0:03:04]} 2. d4 d5 3. exd5 {[%clk 0:03:01]} cxd5
{[%clk 0:03:07]} 4. Bd3 {[%clk 0:03:02]} Nc6 {[%clk 0:03:08]} 5. c3
{[%clk 0:03:02]} Nf6 {[%clk 0:03:01]} 6. Nf3 {[%clk 0:03:04]} Bg4
{[%clk 0:02:53]} 7. h3 {[%clk 0:03:05]} Bh5 {[%clk 0:02:53]} 8. Bf4
{[%clk 0:03:06]} e6 {[%clk 0:02:51]} 9. Nbd2 {[%clk 0:03:07]} Bd6
{[%clk 0:02:50]} 10. Bxd6 {[%clk 0:03:00]} Qxd6 {[%clk 0:02:51]} 11. O-O
{[%clk 0:02:53]} O-O {[%clk 0:02:47]} 12. Re1 {[%clk 0:02:50]} Qc7
{[%clk 0:02:38]} 13. Qc2 {[%clk 0:02:40]} Bg6 {[%clk 0:02:38]} 14. Ne5
{[%clk 0:02:41]} Nxe5 {[%clk 0:02:35]} 15. dxe5 {[%clk 0:02:41]} Nd7
{[%clk 0:02:34]} 16. Nf3 {[%clk 0:02:38]} b5 {[%clk 0:02:21]} 17. Bxg6
{[%clk 0:02:34]} hxg6 {[%clk 0:02:22]} 18. Qe2 {[%clk 0:02:20]} Rab8
{[%clk 0:02:20]} 19. Rac1 {[%clk 0:02:16]} Rfc8 {[%clk 0:02:18]} 20. Nd4
{[%clk 0:02:14]} Qc4 {[%clk 0:02:11]} 21. Qd2 {[%clk 0:01:43]} a5
{[%clk 0:01:55]} 22. Nb3 {[%clk 0:01:12]} a4 {[%clk 0:01:25]} 23. Na5
{[%clk 0:01:09]} Qc7 {[%clk 0:01:13]} 24. b4 {[%clk 0:01:09]} axb3
{[%clk 0:01:11]} 25. Nxb3 {[%clk 0:01:10]} Nxe5 {[%clk 0:01:08]} 26. Nd4
{[%clk 0:01:05]} Nc4 {[%clk 0:01:02]} 27. Qe2 {[%clk 0:01:06]} Rb6
{[%clk 0:00:54]} 28. Rb1 {[%clk 0:01:08]} Rcb8 {[%clk 0:00:49]} 29. Rb4
{[%clk 0:00:59]} Qd7 {[%clk 0:00:43]} 30. Reb1 {[%clk 0:00:55]} e5
{[%clk 0:00:28]} 31. Nf3 {[%clk 0:00:56]} f6 {[%clk 0:00:24]} 32. Qd1
{[%clk 0:00:38]} Ra8 {[%clk 0:00:18]} 33. Qe2 {[%clk 0:00:15]} Kh7
{[%clk 0:00:20]} 34. Rd1 {[%clk 0:00:12]} Qe6 {[%clk 0:00:18]} 35. Qc2
{[%clk 0:00:11]} Rba6 {[%clk 0:00:12]} 36. Ra1 {[%clk 0:00:10]} Qe8
{[%clk 0:00:11]} 37. Qb3 {[%clk 0:00:09]} Ra3 {[%clk 0:00:12]} 38. Qb1
{[%clk 0:00:10]} R8a5 {[%clk 0:00:13]} 39. Qd1 {[%clk 0:00:08]} Qe6
{[%clk 0:00:14]} 40. Nd2 {[%clk 0:00:09]} Rxa2 {[%clk 0:00:13]} 41. Nxc4
{[%clk 0:00:09]} Rxa1 {[%clk 0:00:13]} 1-0

[Event "Blitz 2018"]
[Site "Saint-Petersburg"]
[Date "2018.12.29"]
[Round "2"]
[Board "97"]
[White "Yeritsyan Aram (RUS)"]
[Black "Tregubov Pavel V. (RUS)"]
[Result "1-0"]
[BlackElo "2516"]
[WhiteElo "2191"]
[LiveChessVersion "1.4.8"]

1. e4 {[%clk 0:03:03]} c5 {[%clk 0:03:04]} 2. Nf3 e6 3. d4 {[%clk 0:03:05]} cxd4
{[%clk 0:03:07]} 4. Nxd4 {[%clk 0:03:06]} Nc6 {[%clk 0:03:08]} 5. Nb5
{[%clk 0:03:07]} d6 {[%clk 0:03:05]} 6. c4 {[%clk 0:03:08]} Nf6 {[%clk 0:03:06]}
7. N1c3 {[%clk 0:03:09]} a6 {[%clk 0:03:07]} 8. Na3 {[%clk 0:03:10]} b6
{[%clk 0:03:08]} 9. Be2 {[%clk 0:03:10]} Bb7 {[%clk 0:03:09]} 10. O-O
{[%clk 0:03:10]} Nb8 {[%clk 0:03:09]} 11. f3 {[%clk 0:03:10]} Nbd7
{[%clk 0:03:11]} 12. Be3 {[%clk 0:03:11]} Be7 {[%clk 0:03:12]} 13. Rc1
{[%clk 0:03:10]} O-O {[%clk 0:03:12]} 14. Qd4 {[%clk 0:03:11]} Rc8
{[%clk 0:03:08]} 15. Rfd1 {[%clk 0:03:11]} Qc7 {[%clk 0:03:04]} 16. b4
{[%clk 0:03:12]} Qb8 {[%clk 0:03:02]} 17. Kh1 {[%clk 0:02:48]} Rfe8
{[%clk 0:02:57]} 18. Bg1 {[%clk 0:02:28]} Kh8 {[%clk 0:02:18]} 19. Na4
{[%clk 0:02:19]} Bd8 {[%clk 0:02:12]} 20. Qxd6 {[%clk 0:02:03]} Qxd6
{[%clk 0:02:13]} 21. Rxd6 {[%clk 0:02:02]} Be7 {[%clk 0:02:14]} 22. Rd3
{[%clk 0:01:48]} Bxb4 {[%clk 0:02:13]} 23. Nxb6 {[%clk 0:01:45]} Nxb6
{[%clk 0:02:09]} 24. Bxb6 {[%clk 0:01:46]} Bc6 {[%clk 0:01:38]} 25. Rb3
{[%clk 0:01:40]} Be7 {[%clk 0:01:33]} 26. c5 {[%clk 0:01:35]} Ra8
{[%clk 0:01:21]} 27. Nc4 {[%clk 0:01:23]} Bb5 {[%clk 0:01:22]} 28. Bf1
{[%clk 0:00:53]} Nd7 {[%clk 0:01:22]} 29. Na5 {[%clk 0:00:16]} Bxf1
{[%clk 0:01:22]} 30. Rxf1 {[%clk 0:00:18]} Nxc5 {[%clk 0:01:17]} 31. Bxc5
{[%clk 0:00:18]} Bxc5 {[%clk 0:01:18]} 32. Rc1 {[%clk 0:00:19]} Rec8
{[%clk 0:01:07]} 33. Rbc3 {[%clk 0:00:16]} Rab8 {[%clk 0:01:08]} 34. Nb3
{[%clk 0:00:13]} a5 {[%clk 0:01:01]} 35. Rxc5 {[%clk 0:00:08]} Rxc5
{[%clk 0:01:02]} 36. Nxc5 {[%clk 0:00:07]} g5 {[%clk 0:01:00]} 37. Kg1
{[%clk 0:00:06]} Rb2 {[%clk 0:01:00]} 38. a4 {[%clk 0:00:07]} Kg7
{[%clk 0:01:01]} 39. Rc3 {[%clk 0:00:05]} Kf6 {[%clk 0:00:58]} 40. Nb3
{[%clk 0:00:06]} Ra2 {[%clk 0:00:58]} 41. Rc4 {[%clk 0:00:05]} Ke5
{[%clk 0:00:53]} 42. g3 {[%clk 0:00:03]} Ra3 {[%clk 0:00:49]} 43. Nxa5
{[%clk 0:00:04]} Rxf3 {[%clk 0:00:49]} 44. Nc6+ {[%clk 0:00:05]} Kd6
{[%clk 0:00:50]} 45. a5 {[%clk 0:00:04]} Ra3 {[%clk 0:00:51]} 46. Rc1
{[%clk 0:00:03]} h5 {[%clk 0:00:48]} 47. e5+ {[%clk 0:00:04]} Kd5
{[%clk 0:00:48]} 48. a6 {[%clk 0:00:04]} Ke4 {[%clk 0:00:47]} 49. a7
{[%clk 0:00:05]} g4 {[%clk 0:00:47]} 50. Rc4+ {[%clk 0:00:03]} Ke3
{[%clk 0:00:45]} 51. Rc1 {[%clk 0:00:03]} Ke4 {[%clk 0:00:42]} 52. Re1+
{[%clk 0:00:04]} Kd5 {[%clk 0:00:42]} 53. Rc1 {[%clk 0:00:04]} Ke4
{[%clk 0:00:43]} 54. Kf1 {[%clk 0:00:05]} Ke3 {[%clk 0:00:41]} 55. Ke1
{[%clk 0:00:06]} Kd3 {[%clk 0:00:40]} 56. Kd1 {[%clk 0:00:07]} Ra4
{[%clk 0:00:39]} 57. Rb1 {[%clk 0:00:05]} Kc3 {[%clk 0:00:36]} 58. Rb8
{[%clk 0:00:06]} Ra1+ {[%clk 0:00:34]} 59. Ke2 {[%clk 0:00:07]} 1-0

[Event "Blitz 2018"]
[Site "Saint-Petersburg"]
[Date "2018.12.29"]
[Round "2"]
[Board "98"]
[White "Al Thebaiti Ahmed M (KSA)"]
[Black "Salgado Lopez Ivan (ESP)"]
[Result "0-1"]
[BlackElo "2513"]
[WhiteElo "1976"]
[LiveChessVersion "1.4.8"]

1. d4 {[%clk 0:03:03]} d5 {[%clk 0:03:03]} 2. Bf4 {[%clk 0:03:04]} c5
{[%clk 0:03:01]} 3. e3 {[%clk 0:03:06]} cxd4 {[%clk 0:03:01]} 4. exd4
{[%clk 0:03:07]} Nc6 {[%clk 0:03:02]} 5. c3 {[%clk 0:03:05]} Bf5 {[%clk 0:03:01]}
6. Nd2 {[%clk 0:03:05]} f6 {[%clk 0:02:57]} 7. Ngf3 {[%clk 0:03:03]} e6
{[%clk 0:02:56]} 8. Qb3 {[%clk 0:03:04]} Qd7 {[%clk 0:02:54]} 9. h4
{[%clk 0:02:58]} h5 {[%clk 0:02:40]} 10. Be2 {[%clk 0:02:52]} Nh6
{[%clk 0:02:29]} 11. Rd1 {[%clk 0:02:26]} a6 {[%clk 0:02:23]} 12. Qb6
{[%clk 0:02:10]} Be7 {[%clk 0:02:13]} 13. Qc7 {[%clk 0:02:05]} Nf7
{[%clk 0:02:12]} 14. Qxd7+ {[%clk 0:02:04]} Kxd7 {[%clk 0:02:12]} 15. Nb3
{[%clk 0:01:55]} b6 {[%clk 0:02:10]} 16. Bd3 {[%clk 0:01:49]} Bg4
{[%clk 0:02:08]} 17. Be2 {[%clk 0:01:48]} Nd6 {[%clk 0:02:03]} 18. O-O
{[%clk 0:01:34]} Rhd8 {[%clk 0:01:50]} 19. Rfe1 {[%clk 0:01:34]} Nc4
{[%clk 0:01:46]} 20. Bxc4 {[%clk 0:01:29]} dxc4 {[%clk 0:01:46]} 21. Nbd2
{[%clk 0:01:30]} Na5 {[%clk 0:01:39]} 22. Re3 {[%clk 0:01:06]} Rac8
{[%clk 0:01:38]} 23. Rde1 {[%clk 0:01:05]} Re8 {[%clk 0:01:28]} 24. Ne4
{[%clk 0:00:55]} Bf8 {[%clk 0:01:24]} 25. Bg3 {[%clk 0:00:46]} Nc6
{[%clk 0:01:20]} 26. Ned2 {[%clk 0:00:47]} Ne7 {[%clk 0:01:19]} 27. Nh2
{[%clk 0:00:34]} Bf5 {[%clk 0:01:18]} 28. Nhf3 {[%clk 0:00:31]} Nd5
{[%clk 0:01:17]} 29. Ne4 {[%clk 0:00:17]} Nxe3 {[%clk 0:01:09]} 30. Rxe3
{[%clk 0:00:18]} Bxe4 {[%clk 0:01:09]} 31. Rxe4 {[%clk 0:00:19]} Bd6
{[%clk 0:01:10]} 32. Bxd6 {[%clk 0:00:13]} Kxd6 {[%clk 0:01:10]} 33. Nd2
{[%clk 0:00:12]} Kd5 {[%clk 0:01:04]} 34. Re3 {[%clk 0:00:12]} e5
{[%clk 0:01:02]} 35. Nf3 {[%clk 0:00:11]} exd4 {[%clk 0:00:59]} 36. Nxd4
{[%clk 0:00:04]} Rxe3 {[%clk 0:00:58]} 37. fxe3 {[%clk 0:00:05]} Ke4
{[%clk 0:00:48]} 38. Kf2 {[%clk 0:00:07]} Kd3 {[%clk 0:00:47]} 39. Nf5
{[%clk 0:00:03]} Rc7 0-1